000 00467nam a2200169Ia 4500
999 _c446
_d446
003 OSt
005 20201223122147.0
008 190216s9999||||xx |||||||||||||| ||und||
040 _coclc
082 _a297
_bMOU/V
100 _aMoulavi, M Ahmed
_97810
245 0 _aVishudha Nabivachanangal /
_cM Ahmed Moulavi
260 _bAmina Book Stall,
_c1987.
_aThrissur:
300 _a319p
650 _aArabic
942 _cBK
_2ddc
_h297
_iMOU/V
_k297
_mMOU/V